The walking Shiva of Varanasi : (Record no. 143480)
[ view plain ]
| 000 -LEADER | |
|---|---|
| fixed length control field | 00580nam a22001817a 4500 |
| 005 - DATE AND TIME OF LATEST TRANSACTION | |
| control field | 20170818161415.0 |
| 010 ## - LCCN (DPL NO) | |
| LC control number | ENG-119710 |
| 020 ## - INTERNATIONAL STANDARD BOOK NUMBER | |
| International Standard Book Number | 8190120085 |
| Terms of availability | 180.00 |
| 035 ## - SYSTEM CONTROL NUMBER | |
| System control number | EN-103242 |
| 037 ## - SOURCE OF ACQUISITION | |
| Source of stock number/acquisition | DBAD/PUB |
| 082 ## - DEWEY DECIMAL CLASSIFICATION NUMBER | |
| Classification number | 230.35 |
| 100 ## - MAIN ENTRY--PERSONAL NAME | |
| Personal name | Rao, V.V.B. Rama |
| 245 ## - TITLE STATEMENT | |
| Title | The walking Shiva of Varanasi : |
| Remainder of title | life, legends and teachings of Trailingaswami / |
| Statement of responsibility, etc | by V.V.B. Rama Rao |
| 260 ## - PUBLICATION, DISTRIBUTION, ETC. (IMPRINT) | |
| Place of publication, distribution, etc | New Delhi |
| Name of publisher, distributor, etc | Richa Prakashan |
| Date of publication, distribution, etc | 201? |
| 270 ## - ADDRESS | |
| Address | D-36, South Extension Part-One, |
| City | New Delhi |
| Postal code | 110049 |
| 300 ## - PHYSICAL DESCRIPTION | |
| Extent | xii,177p. |
| Dimensions | 21cm() |
| 942 ## - ADDED ENTRY ELEMENTS (KOHA) | |
| Source of classification or shelving scheme | Dewey Decimal Classification |
| Item type | English Books |
| Classification part | 230.35 |
| Call number suffix | RAO |
| Withdrawn status | Lost status | Not for loan | Collection code | Home library | Current library | Date acquired | Source of acquisition | Cost, normal purchase price | Full call number | Barcode | Copy number | Cost, replacement price | Koha item type |
|---|---|---|---|---|---|---|---|---|---|---|---|---|---|
| Non-fiction | Bawana | Bawana | 17/08/2017 | DBAD/PUB | 180.00 | 230.35 RAO | EN-103242 | 1 | 180.00 | English Books |
